000 00706cab a2200253 4500
001 ABS50591
008 090401t1994 xxu||||| |||| 00| 0 eng d
035 _a(Sirsi) u76578
041 _aeng
245 _aBuilding study: coherent campus conversion
260 _c1994
350 _a0
490 _aArchitects` Journal
_v199(22) 1 June 1994, 31-39(9)
520 _aPascal Building, Middlesex University.
650 _aBUILT ENVIRONMENT-BUILDING COSTS
650 _aCOST ANALYSIS
650 _aEDUCATION BUILDINGS
650 _aHIGHER EDUCATION
650 _aLABORATORIES
650 _aLECTURE THEATRES
690 _aBUILDING AND CONSTRUCTION-PROJECTS
942 _n0
948 _c04/03/1997
999 _c48134
_d48134